000
00241 a2200097 4500
001
37356
100
_a
Talbot Ian
245
_a
Provincial Politics and Pakistan movement
260
_a
Lahore
_b
Sange Meel Publishers
_c
090
_c
23827
_d
23827
942
_a
NUST-CAE
_c
M
_c
15366
999
_c
272429
_d
272429